00855nam a22002057a 4500003000900000008004100009020001800050040007100068082002600139100002400165245004600189260003100235300002600266505023600292650001900528650002800547700002800575700002300603700002300626AR-CdUCM190408b ||||| |||| 00| 0 spa d a968-18-5292-3 aMUNICIPALIDAD PROVINCIAL DEL CUSCOcBIBLIOTECA MUNICIPAL DEL CUSCO 22ed.aES / 510 /bA44 aAlmaguer, Guadalupe aMatemáticas 3 :bEnseñanza básica / aMéxico :bLimusa,c1996. a406 páginasc24 cm. aContenido :La raíz cuadrada y errores de aproximación -- El plano cartesiano y las funciones -- Operaciones con expresiones algebraicas -- Ecuaciones y sistemas de ecuaciones lineales -- Productos notables y factorización ... aCiencias puras aMatemáticas aplicadas aBazaldúa. Juan Manuel aCantú, Francisco aRodriguez, Leticia